<?xml version="1.0" encoding="UTF-8"?>
<record
    xmlns:xsi="http://www.w3.org/2001/XMLSchema-instance"
    xsi:schemaLocation="http://www.loc.gov/MARC21/slim http://www.loc.gov/standards/marcxml/schema/MARC21slim.xsd"
    xmlns="http://www.loc.gov/MARC21/slim">

  <leader>00377nam a22001457a 4500</leader>
  <controlfield tag="005">20260227113137.0</controlfield>
  <controlfield tag="008">260227b        |||||||| |||| 00| 0 eng d</controlfield>
  <datafield tag="041" ind1=" " ind2=" ">
    <subfield code="a">Eng.</subfield>
  </datafield>
  <datafield tag="100" ind1=" " ind2=" ">
    <subfield code="a">Suram, R. Sheth, P.B.</subfield>
    <subfield code="9">216794</subfield>
  </datafield>
  <datafield tag="245" ind1=" " ind2=" ">
    <subfield code="a">Computerized Accounting - II   Sem.- IV  ( S.Y.B.Com. )</subfield>
  </datafield>
  <datafield tag="250" ind1=" " ind2=" ">
    <subfield code="a">1st ed.</subfield>
  </datafield>
  <datafield tag="260" ind1=" " ind2=" ">
    <subfield code="a">Pune</subfield>
    <subfield code="b">Nirali Books</subfield>
  </datafield>
  <datafield tag="300" ind1=" " ind2=" ">
    <subfield code="a">A.16</subfield>
  </datafield>
  <datafield tag="942" ind1=" " ind2=" ">
    <subfield code="c">BK</subfield>
  </datafield>
  <datafield tag="999" ind1=" " ind2=" ">
    <subfield code="c">370527</subfield>
    <subfield code="d">370527</subfield>
  </datafield>
  <datafield tag="952" ind1=" " ind2=" ">
    <subfield code="0">0</subfield>
    <subfield code="1">0</subfield>
    <subfield code="2">ddc</subfield>
    <subfield code="4">0</subfield>
    <subfield code="7">0</subfield>
    <subfield code="a">SSMM</subfield>
    <subfield code="b">SSMM</subfield>
    <subfield code="d">2026-02-27</subfield>
    <subfield code="e">Nirali</subfield>
    <subfield code="g">150.00</subfield>
    <subfield code="i">P 75002</subfield>
    <subfield code="l">2</subfield>
    <subfield code="p">SSMM-BK-33864</subfield>
    <subfield code="r">2026-04-04 10:55:03</subfield>
    <subfield code="s">2026-03-23</subfield>
    <subfield code="w">2026-02-24</subfield>
    <subfield code="y">BK</subfield>
    <subfield code="z">010033864</subfield>
  </datafield>
  <datafield tag="952" ind1=" " ind2=" ">
    <subfield code="0">0</subfield>
    <subfield code="1">0</subfield>
    <subfield code="2">ddc</subfield>
    <subfield code="4">0</subfield>
    <subfield code="7">0</subfield>
    <subfield code="a">SSMM</subfield>
    <subfield code="b">SSMM</subfield>
    <subfield code="d">2026-02-27</subfield>
    <subfield code="e">Nirali</subfield>
    <subfield code="g">150.00</subfield>
    <subfield code="i">P 75002</subfield>
    <subfield code="l">2</subfield>
    <subfield code="p">SSMM-BK-33865</subfield>
    <subfield code="q">2026-04-08</subfield>
    <subfield code="r">2026-04-01 11:32:36</subfield>
    <subfield code="s">2026-04-01</subfield>
    <subfield code="w">2026-02-24</subfield>
    <subfield code="y">BK</subfield>
    <subfield code="z">010033865</subfield>
  </datafield>
  <datafield tag="952" ind1=" " ind2=" ">
    <subfield code="0">0</subfield>
    <subfield code="1">0</subfield>
    <subfield code="2">ddc</subfield>
    <subfield code="4">0</subfield>
    <subfield code="7">0</subfield>
    <subfield code="a">SSMM</subfield>
    <subfield code="b">SSMM</subfield>
    <subfield code="d">2026-02-27</subfield>
    <subfield code="e">Nirali</subfield>
    <subfield code="g">150.00</subfield>
    <subfield code="i">P 75002</subfield>
    <subfield code="l">1</subfield>
    <subfield code="p">SSMM-BK-33866</subfield>
    <subfield code="r">2026-03-14 10:59:15</subfield>
    <subfield code="s">2026-03-10</subfield>
    <subfield code="w">2026-02-24</subfield>
    <subfield code="y">BK</subfield>
    <subfield code="z">010033866</subfield>
  </datafield>
  <datafield tag="952" ind1=" " ind2=" ">
    <subfield code="0">0</subfield>
    <subfield code="1">0</subfield>
    <subfield code="2">ddc</subfield>
    <subfield code="4">0</subfield>
    <subfield code="7">0</subfield>
    <subfield code="a">SSMM</subfield>
    <subfield code="b">SSMM</subfield>
    <subfield code="d">2026-02-27</subfield>
    <subfield code="e">Nirali</subfield>
    <subfield code="g">150.00</subfield>
    <subfield code="i">P 75002</subfield>
    <subfield code="l">1</subfield>
    <subfield code="p">SSMM-BK-33867</subfield>
    <subfield code="q">2026-03-02</subfield>
    <subfield code="r">2026-03-02 10:25:06</subfield>
    <subfield code="s">2026-03-02</subfield>
    <subfield code="w">2026-02-24</subfield>
    <subfield code="y">BK</subfield>
    <subfield code="z">010033867</subfield>
  </datafield>
  <datafield tag="952" ind1=" " ind2=" ">
    <subfield code="0">0</subfield>
    <subfield code="1">0</subfield>
    <subfield code="2">ddc</subfield>
    <subfield code="4">0</subfield>
    <subfield code="7">0</subfield>
    <subfield code="a">SSMM</subfield>
    <subfield code="b">SSMM</subfield>
    <subfield code="d">2026-02-27</subfield>
    <subfield code="e">Nirali</subfield>
    <subfield code="g">150.00</subfield>
    <subfield code="i">P 75002</subfield>
    <subfield code="l">0</subfield>
    <subfield code="p">SSMM-BK-33868</subfield>
    <subfield code="r">2026-02-27 11:34:00</subfield>
    <subfield code="w">2026-02-24</subfield>
    <subfield code="y">BK</subfield>
    <subfield code="z">010033868</subfield>
  </datafield>
  <datafield tag="952" ind1=" " ind2=" ">
    <subfield code="0">0</subfield>
    <subfield code="1">0</subfield>
    <subfield code="2">ddc</subfield>
    <subfield code="4">0</subfield>
    <subfield code="7">0</subfield>
    <subfield code="a">SSMM</subfield>
    <subfield code="b">SSMM</subfield>
    <subfield code="d">2026-02-27</subfield>
    <subfield code="e">Nirali</subfield>
    <subfield code="g">150.00</subfield>
    <subfield code="i">P 75002</subfield>
    <subfield code="l">0</subfield>
    <subfield code="p">SSMM-BK-33869</subfield>
    <subfield code="r">2026-02-27 11:34:00</subfield>
    <subfield code="w">2026-02-24</subfield>
    <subfield code="y">BK</subfield>
    <subfield code="z">010033869</subfield>
  </datafield>
  <datafield tag="952" ind1=" " ind2=" ">
    <subfield code="0">0</subfield>
    <subfield code="1">0</subfield>
    <subfield code="2">ddc</subfield>
    <subfield code="4">0</subfield>
    <subfield code="7">0</subfield>
    <subfield code="a">SSMM</subfield>
    <subfield code="b">SSMM</subfield>
    <subfield code="d">2026-02-27</subfield>
    <subfield code="e">Nirali</subfield>
    <subfield code="g">150.00</subfield>
    <subfield code="i">P 75002</subfield>
    <subfield code="l">0</subfield>
    <subfield code="p">SSMM-BK-33870</subfield>
    <subfield code="r">2026-02-27 11:34:00</subfield>
    <subfield code="w">2026-02-24</subfield>
    <subfield code="y">BK</subfield>
    <subfield code="z">010033870</subfield>
  </datafield>
  <datafield tag="952" ind1=" " ind2=" ">
    <subfield code="0">0</subfield>
    <subfield code="1">0</subfield>
    <subfield code="2">ddc</subfield>
    <subfield code="4">0</subfield>
    <subfield code="7">0</subfield>
    <subfield code="a">SSMM</subfield>
    <subfield code="b">SSMM</subfield>
    <subfield code="d">2026-02-27</subfield>
    <subfield code="e">Nirali</subfield>
    <subfield code="g">150.00</subfield>
    <subfield code="i">P 75002</subfield>
    <subfield code="l">0</subfield>
    <subfield code="p">SSMM-BK-33871</subfield>
    <subfield code="r">2026-02-27 11:34:00</subfield>
    <subfield code="w">2026-02-24</subfield>
    <subfield code="y">BK</subfield>
    <subfield code="z">010033871</subfield>
  </datafield>
  <datafield tag="952" ind1=" " ind2=" ">
    <subfield code="0">0</subfield>
    <subfield code="1">0</subfield>
    <subfield code="2">ddc</subfield>
    <subfield code="4">0</subfield>
    <subfield code="7">0</subfield>
    <subfield code="a">SSMM</subfield>
    <subfield code="b">SSMM</subfield>
    <subfield code="d">2026-02-27</subfield>
    <subfield code="e">Nirali</subfield>
    <subfield code="g">150.00</subfield>
    <subfield code="i">P 75002</subfield>
    <subfield code="l">0</subfield>
    <subfield code="p">SSMM-BK-33872</subfield>
    <subfield code="r">2026-02-27 11:34:00</subfield>
    <subfield code="w">2026-02-24</subfield>
    <subfield code="y">BK</subfield>
    <subfield code="z">010033872</subfield>
  </datafield>
  <datafield tag="952" ind1=" " ind2=" ">
    <subfield code="0">0</subfield>
    <subfield code="1">0</subfield>
    <subfield code="2">ddc</subfield>
    <subfield code="4">0</subfield>
    <subfield code="7">0</subfield>
    <subfield code="a">SSMM</subfield>
    <subfield code="b">SSMM</subfield>
    <subfield code="d">2026-02-27</subfield>
    <subfield code="e">Nirali</subfield>
    <subfield code="g">150.00</subfield>
    <subfield code="i">P 75002</subfield>
    <subfield code="l">0</subfield>
    <subfield code="p">SSMM-BK-33873</subfield>
    <subfield code="r">2026-02-27 11:34:00</subfield>
    <subfield code="w">2026-02-24</subfield>
    <subfield code="y">BK</subfield>
    <subfield code="z">010033873</subfield>
  </datafield>
</record>
